000 00604nam a22002057a 4500
005 20170616144651.0
010 _aENG-118725
020 _a9788192060819
_c290.00
035 _aEN-102257
037 _bDBAD/PUB
082 _a657.48
100 _aK.S.R.K Prasad
245 _a A financial accounting /
_cby K.S.K.R. Prasad & A. Uttama Durga Devi
260 _aGuntur
_bJai Bharath Publishers
_c2013
270 _a2/18 Brodiepet, Guntur-522002
300 _aVarious Pagings
_c27cm.(pbk)
490 _aJBP Competitive Series
505 _aVol-3
942 _2ddc
_cEN
_h657.48
_mPRA
999 _c141237
_d141237